000 00563nam a2200205 a 4500
001 BRCA_5047
005 20190320204923.0
008 901003s1954####nyu#######---#000-0#eng-#
041 _aeng
044 _anyu
050 4 _aHC10
_b.C44 1954
245 1 0 _aInternational economic survey
_bMéxico.
260 _aNueva York
_bChemical Corn Exchange Bank
_c1954
300 _a10 p.
_c24 cm.
500 _aBoletín inventariado por Banco de México como libro
500 _aDD23
650 1 4 _aHistoria económica
_yMéxico
_912885
902 _aGFM
942 _2lcc
_cB
999 _c4741
_d4741